The invectives of Sallust and Cicero (Record no. 58254)
[ view plain ]
| 000 -LEADER | |
|---|---|
| fixed length control field | 01589nam a2200361Ia 4500 |
| 082 04 - DEWEY DECIMAL CLASSIFICATION NUMBER | |
| Classification number | 937/.05 |
| 245 14 - TITLE STATEMENT | |
| Title | The invectives of Sallust and Cicero |
| 260 ## - PUBLICATION, DISTRIBUTION, ETC. (IMPRINT) | |
| Place of publication | Berlin ; |
| -- | New York : |
| Name of publisher | Walter de Gruyter, |
| Year of publication | c2009. |
| 300 ## - PHYSICAL DESCRIPTION | |
| Number of Pages | xii, 220 p. : |
| Other physical details | ill. |
| 490 0# - SERIES STATEMENT | |
| Series statement | Sozomena. Studies in the recovery of ancient texts ; |
| 650 #0 - SUBJECT ADDED ENTRY--TOPICAL TERM | |
| Topical Term | Invective. |
| 700 1# - ADDED ENTRY--PERSONAL NAME | |
| Personal name | Novokhatko, Anna A., |
| 856 40 - ELECTRONIC LOCATION AND ACCESS | |
| Uniform Resource Identifier | http://site.ebrary.com/lib/rucke/Doc?id=10314575 |
No items available.
